LIBRARY ONLINE CATALOGUE

The Aberdares National Park and environs including Lake Nakuru and Hell's Gate National Parks (Record no. 15070)

MARC details
000 -LEADER
fixed length control field 00776nem a22002291 4500
001 - CONTROL NUMBER
control field 0000008940
005 - DATE AND TIME OF LATEST TRANSACTION
control field 20151217161139.0
007 - PHYSICAL DESCRIPTION FIXED FIELD--GENERAL INFORMATION
fixed length control field aj cauun
008 - FIXED-LENGTH DATA ELEMENTS--GENERAL INFORMATION
fixed length control field 080623s xx a 0 eng d
020 ## - INTERNATIONAL STANDARD BOOK NUMBER
Terms of availability KES 595
034 0# - CODED CARTOGRAPHIC MATHEMATICAL DATA
Category of scale a
040 ## - CATALOGING SOURCE
Original cataloging agency KABU
Transcribing agency KABU
110 2# - MAIN ENTRY--CORPORATE NAME
Corporate name or jurisdiction name as entry element Tourist Maps (Kenya)
-- 0000159748
245 14 - TITLE STATEMENT
Title The Aberdares National Park and environs including Lake Nakuru and Hell's Gate National Parks
Medium [map] /
Statement of responsibility, etc. Tourist Maps (Kenya).
255 ## - CARTOGRAPHIC MATHEMATICAL DATA
Statement of scale Scale 1 : 150,000.
260 ## - PUBLICATION, DISTRIBUTION, ETC. (IMPRINT)
Place of publication, distribution, etc. Nairobi :
Name of publisher, distributor, etc. Tourist Maps (Kenya).,
Date of publication, distribution, etc. 1996.
300 ## - PHYSICAL DESCRIPTION
Extent 1 map :
Other physical details col ;
Dimensions 59x89 cm, folded to 30x15 cm.
651 #0 - SUBJECT ADDED ENTRY--GEOGRAPHIC NAME
Geographic name Aberdares National Park
General subdivision Maps, Tourist.
-- 0000159754
908 ## - PUT COMMAND PARAMETER (RLIN)
Put command parameter 080623
950 ## - LOCAL HOLDINGS (RLIN)
-- 1
Holdings
Withdrawn status Lost status Source of classification or shelving scheme Not for loan Home library Current library Date acquired Total Checkouts Full call number Barcode Date last seen Price effective from Koha item type
    Library of Congress Classification Not For Loan Kabarak, Main Campus Kabarak, Main Campus 17/12/2015   G8412 1996 .A24E635T68 c. 1 012333 17/12/2015 17/12/2015 Reference